00326nam a2200121Ia 4500008004100000020002200041041000800063082002300071100002000094245004500114260003700159300000800196230411s9999 xx 000 0 und d a978-93-5090-739-9 aeng aD/616.5/CHA/B09375 aChattopadhyay S aCommon Skin Diseases : Clinical approach bJaypee BrothersaNew Delhic2014 a176